| 000 | 00617nam a22001817a 4500 | ||
|---|---|---|---|
| 999 |
_c9503 _d9503 |
||
| 008 | 180705b ||||| |||| 00| 0 eng d | ||
| 020 | _a978-1-305-96154-8 | ||
| 082 |
_22018 _aDC 363.2909 _bAb14 |
||
| 100 |
_928243 _aAbadinsky, Howard |
||
| 245 |
_aDrug use and abuse : _ba comprehensive introduction / _cHoward Abadinsky |
||
| 250 | _aNinth Edition | ||
| 260 |
_aAustralia : _bCengage Learning _c©2018 |
||
| 300 |
_axiv, 394 pages: _billustrations; _c26 cm. |
||
| 500 | _aIncludes bibliographical references and index. | ||
| 650 | 0 |
_928250 _aDrug abuse -- United States |
|
| 365 |
_b7,918.20 _cPhp |
||
| 942 |
_2ddc _cDC |
||